| 000 | 00703nam a2200241Ia 4500 | ||
|---|---|---|---|
| 005 | 20250508164727.0 | ||
| 008 | 008 250505s9999 xx 000 0 eng d | ||
| 020 | _a92-803-1159-9 | ||
| 037 | _aTextual | ||
| 040 |
_aFEDL _beng _cFEDL |
||
| 041 |
_aeng _2eng |
||
| 084 |
_a372, UNE _qFEDL |
||
| 100 | _aCarron Gabriel | ||
| 245 | 0 | _aQuality of primary schools in different development contexts | |
| 245 | 0 | _cUNESCO | |
| 260 |
_aParis, France _bUnited Nations Educational, Scientific and Cultural Organization _c1996 |
||
| 300 | _axiv,306 | ||
| 365 |
_aFF _b130 |
||
| 546 | _aMACESE | ||
| 700 |
_a Chau Ta Ngoc _9778998 |
||
| 942 |
_cTEXL _h372, UNE |
||
| 999 |
_c1390787 _d1390787 |
||